[Event "21st European Teams"]
[Site "Hersonissos GRE"]
[Date "2017.11.03"]
[Round "6.3"]
[Board "3"]
[White "Sargissian, Gabriel"]
[Black "Naiditsch, Arkadij"]
[Result "1/2-1/2"]
[WhiteTitle "GM"]
[BlackTitle "GM"]
[WhiteElo "2657"]
[BlackElo "2702"]
[WhiteTeam "Armenia"]
[BlackTeam "Azerbaijan"]
[WhiteFideId "13300881"]
[BlackFideId "4650891"]
[EventDate "2017.10.28"]

1. Nf3 Nf6 2. g3 g6 3. Bg2 Bg7 4. O-O O-O 5. d4 d6 6. b3 Nc6 7. Bb2 e5 8. dxe5
Nd7 9. Nc3 Ndxe5 10. Nxe5 Nxe5 11. Rb1 c6 12. h3 f5 13. e3 d5 14. Ne2 Be6 15.
Qc1 Qc7 16. Bd4 Rad8 17. Qb2 Rf7 18. Nf4 Bc8 19. Rfd1 Re8 20. Rbc1 Qe7 21. c4
dxc4 22. bxc4 Nd7 23. h4 Nc5 24. Qa3 Bxd4 25. exd4 Ne6 26. Qf3 Nxf4 27. Qxf4 Qc7
28. d5 Qxf4 29. gxf4 c5 30. a4 Re2 31. Rb1 Kf8 32. Rb5 b6 33. a5 Ba6 34. Rbb1
Bxc4 35. axb6 axb6 36. Rxb6 Rd7 37. d6 Bf7 38. Rb8+ Re8 39. Rxe8+ Bxe8 40. Bc6
Rd8 41. d7 Bf7 42. Re1 c4 43. Re3 c3 44. Rxc3 Be6 45. Rd3 1/2-1/2

[Event "21st European Teams"]
[Site "Hersonissos GRE"]
[Date "2017.11.03"]
[Round "6.3"]
[Board "4"]
[White "Mamedov, Rauf"]
[Black "Melkumyan, Hrant"]
[Result "1-0"]
[WhiteTitle "GM"]
[BlackTitle "GM"]
[WhiteElo "2678"]
[BlackElo "2642"]
[WhiteTeam "Azerbaijan"]
[BlackTeam "Armenia"]
[WhiteFideId "13401653"]
[BlackFideId "13302485"]
[EventDate "2017.10.28"]

1. e4 e5 2. Nf3 Nf6 3. Nc3 Nc6 4. Bb5 Bc5 5. d3 O-O 6. O-O Nd4 7. Nxe5 d6 8. Nf3
Bg4 9. Be3 c6 10. Bxd4 Bxd4 11. Bc4 Nd7 12. h3 Bxf3 13. Qxf3 Qa5 14. Qf4 Ne5 15.
Bb3 Bxc3 16. bxc3 Qxc3 17. Rfd1 Rad8 18. d4 Nc4 19. Rab1 d5 20. Rd3 Qb4 21. Rg3
Qe7 22. c3 b5 23. exd5 cxd5 24. Bxc4 bxc4 25. Rb5 g6 26. Re3 Qd6 27. Qxd6 Rxd6
28. Re7 a6 29. Rbb7 Re6 30. Rxe6 fxe6 31. f3 Re8 32. Kf2 e5 33. dxe5 Rxe5 34.
Rd7 Kf8 35. f4 Rf5 36. Ke3 g5 37. fxg5 Rxg5 38. g4 Re5+ 39. Kd4 Re2 40. Rxh7
Rd2+ 41. Ke5 Rd3 42. g5 Rxc3 43. Kxd5 Rc1 44. h4 c3 45. Kd4 c2 46. Kd3 Ra1 47.
Kxc2 Rxa2+ 48. Kb3 Rh2 49. Kc4 Kg8 50. Rh6 Kg7 51. Kd5 a5 52. Ke5 Rf2 53. Ke4
Rf1 54. Ke3 Rf5 55. Ra6 Rb5 56. Kf3 Rb4 57. h5 Rh4 58. h6+ Kh7 59. Ra7+ Kg6 60.
Kg3 Rh1 61. Rxa5 Rg1+ 62. Kf2 Rg4 63. Kf3 Rg1 64. Re5 Rh1 65. Ke4 Rd1 66. Rd5
Re1+ 67. Kd4 Rc1 68. Re5 Rd1+ 69. Kc5 Rd8 70. Kc6 Ra8 71. Kd7 Ra7+ 72. Ke8 Ra8+
73. Ke7 Rh8 74. Rd5 Rh7+ 75. Kd8 Ra7 76. Kc8 Ra8+ 77. Kb7 Rf8 78. Kc7 Rf1 79.
Rb5 Rf7+ 80. Kc6 Rf8 81. Kd7 Ra8 82. Rd5 Rf8 83. Ke7 Rf7+ 84. Ke8 Ra7 85. Kd8
Rh7 86. Kc8 Ra7 87. Rd7 Ra8+ 88. Kb7 Rg8 89. Kc7 Ra8 90. Rg7+ Kf5 91. Kb7 Re8
92. h7 1-0

[Event "21st European Teams"]
[Site "Hersonissos GRE"]
[Date "2017.11.03"]
[Round "6.4"]
[Board "1"]
[White "Lupulescu, Constantin"]
[Black "Gelfand, Boris"]
[Result "1/2-1/2"]
[WhiteTitle "GM"]
[BlackTitle "GM"]
[WhiteElo "2620"]
[BlackElo "2737"]
[WhiteTeam "Romania"]
[BlackTeam "Israel"]
[WhiteFideId "1207822"]
[BlackFideId "2805677"]
[EventDate "2017.10.28"]

1. d4 Nf6 2. c4 e6 3. Nf3 d5 4. Nc3 c6 5. Qb3 dxc4 6. Qxc4 b5 7. Qd3 a6 8. Bg5
c5 9. a4 cxd4 10. Nxd4 bxa4 11. e3 Bb7 12. Be2 Nbd7 13. O-O Be7 14. Nxa4 O-O 15.
Rfc1 Qa5 16. Bxf6 Nxf6 17. Nc5 Qxc5 18. Rxc5 Bxc5 19. Bf3 Bxd4 20. Qxd4 Bxf3 21.
gxf3 h6 22. b4 Rfb8 23. e4 Rb7 24. f4 Rab8 25. Ra4 Rb5 26. Kg2 Nh5 27. Qd2 Nf6
28. Qd4 Nh5 29. Qd2 Nf6 30. Kf3 Kh8 31. Qd6 Kg8 32. Qd4 Nh5 33. Qd6 Nf6 34. Ke3
Ng4+ 35. Kf3 Nf6 36. Ke3 Ng4+ 37. Ke2 Nf6 38. f3 Kh8 39. Ke3 Kg8 40. Ke2 R5b6
41. Qd4 Rb5 42. Qc4 Nh5 43. Ke3 a5 44. bxa5 Rb3+ 45. Kd2 Nxf4 46. Ra2 Rxf3 47.
a6 Rd8+ 48. Kc2 Rdd3 49. a7 Rf2+ 50. Kc1 Rf1+ 51. Kc2 Rf2+ 52. Kc1 1/2-1/2

[Event "21st European Teams"]
[Site "Hersonissos GRE"]
[Date "2017.11.03"]
[Round "6.4"]
[Board "2"]
[White "Rodshtein, Maxim"]
[Black "Deac, Bogdan-Daniel"]
[Result "1-0"]
[WhiteTitle "GM"]
[BlackTitle "GM"]
[WhiteElo "2699"]
[BlackElo "2560"]
[WhiteTeam "Israel"]
[BlackTeam "Romania"]
[WhiteFideId "2806851"]
[BlackFideId "1226380"]
[EventDate "2017.10.28"]

1. d4 Nf6 2. c4 e6 3. g3 c5 4. d5 exd5 5. cxd5 d6 6. Nc3 g6 7. Bg2 Bg7 8. Nf3
O-O 9. O-O Re8 10. Re1 a6 11. a4 Ne4 12. Nxe4 Rxe4 13. Qc2 Rb4 14. Ra2 a5 15.
Bd2 Na6 16. Bc3 b5 17. axb5 Rxb5 18. Qd2 Nb4 19. Raa1 Bg4 20. e4 Bxf3 21. Bxf3
Rbb8 22. Be2 Ra7 23. Bc4 Re7 24. Re2 Qb6 25. Rae1 a4 26. Ra1 Ra8 27. Qd1 Rea7
28. Ra3 Qd8 29. Kg2 Qe8 30. f4 Re7 31. Bxg7 Kxg7 32. Rae3 Rd8 33. Qe1 Qd7 34.
Qc3+ Kg8 35. Qf6 Ree8 36. h4 Qe7 37. Qc3 Qf8 38. g4 Re7 39. Qf6 Red7 40. g5 Qg7
41. Ra3 Ra8 42. Rd2 Rdd8 43. Kg3 h5 44. e5 Kf8 45. e6 Re8 46. Re3 Re7 47. Rf2
Rae8 48. f5 gxf5 49. Rxf5 1-0

[Event "21st European Teams"]
[Site "Hersonissos GRE"]
[Date "2017.11.03"]
[Round "6.4"]
[Board "3"]
[White "Szabo, Gergely-Andras-Gyula"]
[Black "Smirin, Ilia"]
[Result "1-0"]
[WhiteTitle "GM"]
[BlackTitle "GM"]
[WhiteElo "2563"]
[BlackElo "2635"]
[WhiteTeam "Romania"]
[BlackTeam "Israel"]
[WhiteFideId "1205064"]
[BlackFideId "2801990"]
[EventDate "2017.10.28"]

1. d4 Nf6 2. Bf4 c5 3. dxc5 Nc6 4. Nc3 e5 5. Bg5 Bxc5 6. e3 Bb4 7. Ne2 d5 8. a3
Ba5 9. b4 Nxb4 10. axb4 Bxb4 11. f4 h6 12. Bxf6 Qxf6 13. Qxd5 O-O 14. Qxe5 Qg6
15. Kf2 Bf5 16. Nd5 Bd6 17. Qd4 b6 18. c4 Rfe8 19. Ng3 Bc5 20. Qc3 Rad8 21. Re1
Rxd5 22. cxd5 Qg4 23. Be2 Rxe3 24. Qxe3 Qxf4+ 25. Bf3 Bd3 26. Ne4 Bxe4 27. Qxc5
bxc5 28. Rxe4 Qd2+ 29. Re2 Qd4+ 30. Re3 Qd2+ 31. Re2 Qd4+ 32. Kg3 Kh7 33. h4 c4
34. h5 c3 35. Rh4 Qd3 36. Ra4 c2 37. Rxc2 f5 38. Rc1 Qe3 39. Rd1 Qe5+ 40. Kh3 1-0

[Event "21st European Teams"]
[Site "Hersonissos GRE"]
[Date "2017.11.03"]
[Round "6.4"]
[Board "4"]
[White "Nabaty, Tamir"]
[Black "Nevednichy, Vladislav"]
[Result "1/2-1/2"]
[WhiteTitle "GM"]
[BlackTitle "GM"]
[WhiteElo "2661"]
[BlackElo "2524"]
[WhiteTeam "Israel"]
[BlackTeam "Romania"]
[WhiteFideId "2809052"]
[BlackFideId "1205730"]
[EventDate "2017.10.28"]

1. d4 d5 2. Nf3 Nf6 3. Bf4 e6 4. e3 Bd6 5. Bxd6 Qxd6 6. c4 b6 7. cxd5 exd5 8.
Nc3 O-O 9. Rc1 a6 10. Bd3 Bb7 11. O-O Nbd7 12. Qb3 g6 13. Rfd1 Kg7 14. a3 Rfe8
15. Bf1 Rab8 16. Qa4 c6 17. g3 a5 18. Nd2 Re7 19. Bg2 Rbe8 20. Qc2 Qb8 21. e4
dxe4 22. Ndxe4 Nd5 23. Qb3 Ba8 24. Bf3 h5 25. h4 b5 26. Kg2 Nxc3 27. Nxc3 Nf6
28. Rd2 Qa7 29. Rcd1 Rb8 30. Qc2 Rbe8 31. b4 axb4 32. axb4 c5 33. bxc5 Bxf3+ 34.
Kxf3 b4 35. Ne2 Qa8+ 36. c6 Re6 37. d5 Nxd5 38. Rxd5 Rxe2 39. Qc4 R2e6 40. Rd6
Qb8 41. Qd4+ Kh7 42. Rd7 Kg8 43. Rd8 Qb5 44. Qd5 Qe2+ 45. Kg2 Rxd8 46. Qxd8+ Kh7
47. c7 Rc6 48. Rd4 Qe5 49. Rd7 Qe4+ 50. Kg1 Qe1+ 51. Kg2 Qe4+ 52. Kg1 Qe1+ 53.
Kg2 1/2-1/2

[Event "21st European Teams"]
[Site "Hersonissos GRE"]
[Date "2017.11.03"]
[Round "6.5"]
[Board "1"]
[White "Eljanov, Pavel"]
[Black "Edouard, Romain"]
[Result "1-0"]
[WhiteTitle "GM"]
[BlackTitle "GM"]
[WhiteElo "2720"]
[BlackElo "2607"]
[WhiteTeam "Ukraine"]
[BlackTeam "France"]
[WhiteFideId "14102951"]
[BlackFideId "633429"]
[EventDate "2017.10.28"]

1. Nf3 d5 2. c4 d4 3. b4 Bg4 4. Qb3 c6 5. Ne5 Bf5 6. Bb2 f6 7. Nf3 e5 8. e3 c5
9. bxc5 Nc6 10. exd4 exd4 11. Bd3 Qe7+ 12. Kd1 Bxd3 13. Qxd3 O-O-O 14. Na3 Qd7
15. Nc2 Nh6 16. h3 Nf7 17. Ba3 g5 18. Rb1 h5 19. Qb3 Bh6 20. Nb4 g4 21. Ne1 Nxb4
22. Bxb4 Ne5 23. Nd3 Qc6 24. Kc2 Qxg2 25. hxg4 hxg4 26. Ba5 Rde8 27. Rhg1 Qc6
28. Qb5 a6 29. Qxc6+ Nxc6 30. Bb6 Re2 31. Rbd1 f5 32. Rh1 Bg7 33. Rxh8+ Bxh8 34.
Rh1 Re8 35. Rh7 Rf8 36. Nf4 Be5 37. Ng6 Rg8 38. Nxe5 Nxe5 39. Bc7 Nd7 40. Bd6
Kd8 41. Rh5 Nf8 42. Rxf5 Ne6 43. Rf7 Rg7 44. Rxg7 Nxg7 45. Kd3 Ne6 46. Ke4 Kd7
47. d3 Kc6 48. Kf5 Kd7 49. Kxg4 b6 50. Kf5 Nd8 51. Ke4 Kc6 52. Be7 1-0

[Event "21st European Teams"]
[Site "Hersonissos GRE"]
[Date "2017.11.03"]
[Round "6.5"]
[Board "2"]
[White "Gharamian, Tigran"]
[Black "Kryvoruchko, Yuriy"]
[Result "1/2-1/2"]
[WhiteTitle "GM"]
[BlackTitle "GM"]
[WhiteElo "2626"]
[BlackElo "2692"]
[WhiteTeam "France"]
[BlackTeam "Ukraine"]
[WhiteFideId "13301527"]
[BlackFideId "14109182"]
[EventDate "2017.10.28"]

1. e4 e5 2. Nf3 Nc6 3. Bb5 Nf6 4. O-O Nxe4 5. d4 Nd6 6. dxe5 Nxb5 7. a4 Nbd4 8.
Nxd4 d5 9. Nxc6 bxc6 10. Nd2 Be7 11. Nb3 O-O 12. Be3 Bf5 13. Qd2 f6 14. exf6
Rxf6 15. Bg5 Rg6 16. Bxe7 Qxe7 17. f3 Rb8 18. Rf2 Qb4 19. Ra3 Re6 20. Qxb4 Rxb4
21. g4 Re1+ 22. Kg2 Bg6 23. c3 Rb8 24. Nc5 h5 25. gxh5 Bxh5 26. Na6 Rf8 27. Rb3
Re3 28. f4 Rf6 29. Nc5 Be2 30. Rb8+ Kh7 31. f5 Bg4 32. Rf4 Bxf5 33. Rh4+ Kg6 34.
Kf2 Re7 35. Rf4 Kg5 36. Rbb4 Bg4 37. Rxf6 gxf6 38. Rb8 Kf4 39. Rb4+ Kf5 40. a5
Re2+ 41. Kg3 Re3+ 42. Kf2 Re2+ 43. Kg3 Re3+ 1/2-1/2

[Event "21st European Teams"]
[Site "Hersonissos GRE"]
[Date "2017.11.03"]
[Round "6.5"]
[Board "3"]
[White "Ponomariov, Ruslan"]
[Black "Fressinet, Laurent"]
[Result "1/2-1/2"]
[WhiteTitle "GM"]
[BlackTitle "GM"]
[WhiteElo "2687"]
[BlackElo "2657"]
[WhiteTeam "Ukraine"]
[BlackTeam "France"]
[WhiteFideId "14103320"]
[BlackFideId "608742"]
[EventDate "2017.10.28"]

1. d4 d5 2. c4 c6 3. e3 Nf6 4. Bd3 a6 5. Nd2 Bg4 6. Ngf3 e6 7. b3 Nbd7 8. Qc2
Bd6 9. Bb2 Bh5 10. h3 Bg6 11. O-O Qe7 12. e4 dxe4 13. Nxe4 Nxe4 14. Bxe4 Bxe4
15. Qxe4 Nf6 16. Qh4 Ba3 17. Bc3 Bb4 18. Bb2 Ba3 19. Bc3 Bb4 20. Bb2 1/2-1/2

[Event "21st European Teams"]
[Site "Hersonissos GRE"]
[Date "2017.11.03"]
[Round "6.5"]
[Board "4"]
[White "Maze, Sebastien"]
[Black "Kravtsiv, Martyn"]
[Result "1/2-1/2"]
[WhiteTitle "GM"]
[BlackTitle "GM"]
[WhiteElo "2614"]
[BlackElo "2677"]
[WhiteTeam "France"]
[BlackTeam "Ukraine"]
[WhiteFideId "613762"]
[BlackFideId "14113147"]
[EventDate "2017.10.28"]

1. e4 e5 2. Nf3 Nc6 3. Bb5 a6 4. Ba4 Nf6 5. O-O Be7 6. d3 b5 7. Bb3 d6 8. a3 O-O
9. Nc3 Bg4 10. Be3 Nd4 11. Bxd4 exd4 12. Nd5 Nd7 13. h3 Bxf3 14. Qxf3 a5 15. c3
dxc3 16. bxc3 c6 17. Ne3 Bg5 18. d4 Bxe3 19. Qxe3 a4 20. Ba2 Nb6 21. Rfe1 d5 22.
e5 Qe7 23. Qc1 f5 24. f4 Rad8 25. Bb1 Na8 26. Ra2 Nc7 27. g4 g6 28. Rg2 Kh8 29.
gxf5 gxf5 30. Rf1 Ne6 31. Bd3 1/2-1/2

[Event "21st European Teams"]
[Site "Hersonissos GRE"]
[Date "2017.11.03"]
[Round "6.6"]
[Board "1"]
[White "Nisipeanu, Liviu-Dieter"]
[Black "Solak, Dragan"]
[Result "1/2-1/2"]
[WhiteTitle "GM"]
[BlackTitle "GM"]
[WhiteElo "2672"]
[BlackElo "2626"]
[WhiteTeam "Germany"]
[BlackTeam "Turkey"]
[WhiteFideId "1202758"]
[BlackFideId "916811"]
[EventDate "2017.10.28"]

1. e4 c6 2. d4 d5 3. Nd2 dxe4 4. Nxe4 Bf5 5. Ng3 Bg6 6. h4 h6 7. Nf3 Nd7 8. h5
Bh7 9. Bd3 Bxd3 10. Qxd3 e6 11. Bd2 Ngf6 12. O-O-O a5 13. Kb1 a4 14. Rhe1 Be7
15. Nf5 exf5 16. Nh4 Nf8 17. Nxf5 Ne6 18. Nxe7 Qxe7 19. f4 a3 20. f5 axb2 21.
Qb3 Qa3 22. fxe6 Qxb3 23. axb3 fxe6 24. Rxe6+ Kd7 25. Ree1 Ra1+ 26. Kxb2 Rxd1
27. Rxd1 Nxh5 28. Rf1 Nf6 29. Kc3 Ne4+ 30. Kd3 Nxd2 1/2-1/2

[Event "21st European Teams"]
[Site "Hersonissos GRE"]
[Date "2017.11.03"]
[Round "6.6"]
[Board "2"]
[White "Yilmaz, Mustafa"]
[Black "Meier, Georg"]
[Result "1-0"]
[WhiteTitle "GM"]
[BlackTitle "GM"]
[WhiteElo "2633"]
[BlackElo "2655"]
[WhiteTeam "Turkey"]
[BlackTeam "Germany"]
[WhiteFideId "6302718"]
[BlackFideId "4675789"]
[EventDate "2017.10.28"]

1. d4 Nf6 2. c4 e6 3. Nf3 d5 4. Nc3 Be7 5. Bf4 O-O 6. e3 Nbd7 7. a3 c5 8. cxd5
Nxd5 9. Nxd5 exd5 10. dxc5 Nxc5 11. Be5 Bf6 12. Be2 Bxe5 13. Nxe5 Ne6 14. O-O d4
15. Qd2 dxe3 16. Qxe3 Qd4 17. Rad1 Qxe3 18. fxe3 f6 19. Nc4 Rd8 20. Rxd8+ Nxd8
21. Nd6 Bd7 22. Rc1 Bc6 23. b4 a6 24. Bf3 Kf8 25. Kf2 g6 26. Rc4 f5 27. Rc5 Bxf3
28. gxf3 b5 29. Rc7 h6 30. Rh7 Kg8 31. Re7 Rb8 32. h4 h5 33. Kg3 Kf8 34. Rh7 Kg8
35. Ra7 Rb6 36. Rd7 Ne6 37. Nc8 1-0

[Event "21st European Teams"]
[Site "Hersonissos GRE"]
[Date "2017.11.03"]
[Round "6.6"]
[Board "3"]
[White "Bluebaum, Matthias"]
[Black "Sanal, Vahap"]
[Result "1/2-1/2"]
[WhiteTitle "GM"]
[BlackTitle "GM"]
[WhiteElo "2643"]
[BlackElo "2549"]
[WhiteTeam "Germany"]
[BlackTeam "Turkey"]
[WhiteFideId "24651516"]
[BlackFideId "6300545"]
[EventDate "2017.10.28"]

1. d4 Nf6 2. c4 e6 3. Nf3 b6 4. g3 Bb7 5. Bg2 Be7 6. O-O O-O 7. Nc3 Ne4 8. Bd2
Bf6 9. Re1 c5 10. d5 Nxd2 11. Qxd2 exd5 12. Nxd5 Bxd5 13. Qxd5 Nc6 14. Qd2 Rb8
15. Rad1 Qc7 16. b3 Rfd8 17. Ng5 Bxg5 18. Qxg5 h6 19. Qh5 d6 20. Rd2 b5 21. cxb5
Rxb5 22. Red1 a5 23. Bd5 a4 24. Qf5 axb3 25. axb3 Rb4 26. e3 Na5 27. Rd3 Rdb8
28. e4 Nxb3 29. e5 Nd4 30. exd6 Qxd6 31. Qxf7+ Kh8 32. Re3 Qf8 33. Qxf8+ Rxf8
34. Rc1 Rb2 1/2-1/2

[Event "21st European Teams"]
[Site "Hersonissos GRE"]
[Date "2017.11.03"]
[Round "6.6"]
[Board "4"]
[White "Yilmazyerli, Mert"]
[Black "Svane, Rasmus"]
[Result "0-1"]
[WhiteTitle "IM"]
[BlackTitle "GM"]
[WhiteElo "2491"]
[BlackElo "2595"]
[WhiteTeam "Turkey"]
[BlackTeam "Germany"]
[WhiteFideId "6305962"]
[BlackFideId "4657101"]
[EventDate "2017.10.28"]

1. e4 c6 2. Nc3 d5 3. Nf3 Bg4 4. h3 Bxf3 5. Qxf3 e6 6. d4 Nf6 7. Bd3 dxe4 8.
Nxe4 Qxd4 9. c3 Qd8 10. O-O Nxe4 11. Bxe4 Bd6 12. Rd1 Qc7 13. Qd3 Be5 14. Bxh7
Nd7 15. Be4 O-O-O 16. Qf3 Nf6 17. Bg5 Qa5 18. Bxf6 Bxf6 19. a4 Rxd1+ 20. Qxd1
Rd8 21. Qc2 Qe5 22. Bf3 Bg5 23. Rd1 Rd2 24. Qb1 Qf4 25. Rxd2 Qxd2 26. Kf1 Bd8
27. Bd1 g6 28. Qc2 Qd6 29. Bf3 Qh2 30. Ke2 Bb6 31. Qd1 f5 32. Qf1 Qe5+ 33. Kd1
Qf4 34. b4 e5 35. a5 Bd8 36. a6 e4 37. axb7+ Kxb7 38. Be2 Bg5 39. Kc2 Qd2+ 40.
Kb3 Bf6 41. Ba6+ Kb6 42. Qa1 Qxc3+ 43. Qxc3 Bxc3 44. Bc4 Be1 45. Bf7 Bxf2 46.
Bxg6 e3 47. Bh5 c5 48. Be2 cxb4 49. Kxb4 f4 50. Bf1 Be1+ 51. Ka4 Kc5 52. Ba6 Kb6
53. Be2 a5 54. Bf1 Bh4 55. Be2 Bd8 56. Kb3 Kc5 57. Kc3 a4 58. Bd1 Bf6+ 59. Kd3
Kb4 60. Bh5 Kb3 61. Bd1+ Ka3 62. Ke2 Kb4 63. Bxa4 Kxa4 64. g3 Bg5 0-1

[Event "21st European Teams"]
[Site "Hersonissos GRE"]
[Date "2017.11.03"]
[Round "6.7"]
[Board "1"]
[White "Zhigalko, Sergei"]
[Black "Adams, Michael"]
[Result "1/2-1/2"]
[WhiteTitle "GM"]
[BlackTitle "GM"]
[WhiteElo "2638"]
[BlackElo "2727"]
[WhiteTeam "Belarus"]
[BlackTeam "England"]
[WhiteFideId "13502956"]
[BlackFideId "400041"]
[EventDate "2017.10.28"]

1. d4 Nf6 2. c4 e6 3. Nc3 Bb4 4. e3 O-O 5. Bd3 d5 6. Nf3 c5 7. O-O dxc4 8. Bxc4
cxd4 9. exd4 b6 10. Bg5 Bb7 11. Ne5 Nbd7 12. Nxd7 Qxd7 13. Bxf6 gxf6 14. d5 Bxc3
15. bxc3 Bxd5 16. Qg4+ Kh8 17. Qh4 Bxc4 18. Qxf6+ Kg8 19. Qg5+ Kh8 20. Qf6+ Kg8
21. Qg5+ Kh8 22. Qf6+ Kg8 1/2-1/2

[Event "21st European Teams"]
[Site "Hersonissos GRE"]
[Date "2017.11.03"]
[Round "6.7"]
[Board "2"]
[White "Short, Nigel D"]
[Black "Kovalev, Vladislav"]
[Result "1-0"]
[WhiteTitle "GM"]
[BlackTitle "GM"]
[WhiteElo "2698"]
[BlackElo "2636"]
[WhiteTeam "England"]
[BlackTeam "Belarus"]
[WhiteFideId "400025"]
[BlackFideId "13504398"]
[EventDate "2017.10.28"]

1. e4 e5 2. Nf3 Nc6 3. Bb5 a6 4. Ba4 Nf6 5. O-O Be7 6. Re1 b5 7. Bb3 d6 8. c3
O-O 9. h3 Bb7 10. d4 Re8 11. Nbd2 exd4 12. cxd4 Nd7 13. Nf1 Na5 14. Bc2 Bf6 15.
Bf4 Nf8 16. Ng3 Ne6 17. Bc1 g6 18. Rb1 c5 19. d5 Nd4 20. b3 b4 21. Nxd4 Bxd4 22.
Be3 Bxe3 23. Rxe3 Qh4 24. Qd2 Bc8 25. Rf1 Qf4 26. Ne2 Qf6 27. f4 Qb2 28. f5 Bd7
29. f6 Kh8 30. Rg3 Rg8 31. Rf2 Rae8 32. Kh2 Qxa2 33. Ng1 Qb2 34. Nf3 Re5 35. Rg5
Rxg5 36. Qxg5 Nxb3 37. Qh6 g5 38. e5 1-0

[Event "21st European Teams"]
[Site "Hersonissos GRE"]
[Date "2017.11.03"]
[Round "6.7"]
[Board "3"]
[White "Stupak, Kirill"]
[Black "Jones, Gawain C B"]
[Result "1-0"]
[WhiteTitle "GM"]
[BlackTitle "GM"]
[WhiteElo "2578"]
[BlackElo "2662"]
[WhiteTeam "Belarus"]
[BlackTeam "England"]
[WhiteFideId "13503758"]
[BlackFideId "409561"]
[EventDate "2017.10.28"]

1. d4 Nf6 2. g3 c5 3. c3 e6 4. Bg2 d5 5. Nf3 Be7 6. O-O O-O 7. b3 b6 8. Bb2 Bb7
9. Nbd2 Nc6 10. c4 cxd4 11. Nxd4 Nxd4 12. Bxd4 Rc8 13. Rc1 Bc5 14. Bxc5 Rxc5 15.
cxd5 Rxc1 16. Qxc1 Bxd5 17. Bxd5 Qxd5 18. Nc4 b5 19. Ne3 Qb7 20. Rd1 b4 21. f3
h6 22. Qd2 Rc8 23. Kg2 Qa6 24. Nc4 Nd5 25. Ra1 Nb6 26. Nxb6 axb6 27. Kf2 Qa5 28.
Rd1 Ra8 29. Rc1 Qe5 30. Rc4 Qa1 31. Rc1 Qe5 32. Rc2 Qa1 33. Kg2 Qb1 34. Qd3 Qe1
35. Qd4 Qb1 36. Qe4 Rf8 37. h4 h5 38. Qd3 g6 39. Qe4 Qe1 40. Qd4 Qb1 41. Rd2 Ra8
42. Qf4 Qa1 43. Rd7 Rf8 44. Ra7 Qb2 45. Kf2 Qa1 46. Qxb4 Qh1 47. Qe1 Qh2+ 48.
Ke3 Rd8 49. Rc7 e5 50. Re7 f6 51. Re6 Kf7 52. Rxb6 f5 53. Rb4 Kg8 54. a4 f4+ 55.
gxf4 exf4+ 56. Rxf4 Re8+ 57. Re4 Rd8 58. a5 Qc7 59. Qb4 Qg3 60. Qc4+ Kh8 61.
Qc3+ Kg8 62. Re7 Qg1+ 63. Ke4 Qb1+ 64. Kf4 g5+ 65. Kxg5 Rd5+ 66. Kf4 Qf5+ 67.
Ke3 Qf8 68. Re4 Qa8 69. b4 Qa7+ 70. Rd4 Kh7 71. Qd3+ Kh6 72. Qe4 Rb5 73. Qe6+
Kg7 74. Qd7+ Qxd7 75. Rxd7+ Kf6 76. Rd6+ Kf5 77. Rb6 Rd5 78. a6 1-0

[Event "21st European Teams"]
[Site "Hersonissos GRE"]
[Date "2017.11.03"]
[Round "6.7"]
[Board "4"]
[White "McShane, Luke J"]
[Black "Fedorov, Alexei"]
[Result "1/2-1/2"]
[WhiteTitle "GM"]
[BlackTitle "GM"]
[WhiteElo "2647"]
[BlackElo "2582"]
[WhiteTeam "England"]
[BlackTeam "Belarus"]
[WhiteFideId "404853"]
[BlackFideId "13500465"]
[EventDate "2017.10.28"]

1. d4 Nf6 2. Nf3 g6 3. c4 Bg7 4. g3 c5 5. Bg2 O-O 6. Nc3 Nc6 7. O-O d6 8. dxc5
dxc5 9. Be3 Qa5 10. Qb3 Bd7 11. Rad1 Qb4 12. Qxb4 cxb4 13. Nd5 Nxd5 14. cxd5 Ne5
15. b3 Nxf3+ 16. Bxf3 Bh3 17. Bg2 Bxg2 18. Kxg2 Rfc8 19. d6 exd6 20. Rxd6 Rc2
21. Rfd1 Bc3 22. Bh6 f5 23. Rd7 b6 24. Rb7 Rxe2 25. Rdd7 Rxa2 26. Bg7 Rc8 27. h4
a5 28. Bxc3 bxc3 29. Rg7+ Kf8 30. Rxh7 Kg8 31. Rhg7+ Kf8 32. Rgf7+ Kg8 33. Rg7+ 1/2-1/2

[Event "21st European Teams"]
[Site "Hersonissos GRE"]
[Date "2017.11.03"]
[Round "6.8"]
[Board "1"]
[White "Anton Guijarro, David"]
[Black "Lenic, Luka"]
[Result "1/2-1/2"]
[WhiteTitle "GM"]
[BlackTitle "GM"]
[WhiteElo "2651"]
[BlackElo "2650"]
[WhiteTeam "Spain"]
[BlackTeam "Slovenia"]
[WhiteFideId "2285525"]
[BlackFideId "14603853"]
[EventDate "2017.10.28"]

1. Nf3 c5 2. e4 Nc6 3. Bb5 e6 4. Bxc6 bxc6 5. d3 Ne7 6. h4 d6 7. h5 e5 8. h6 Bg4
9. hxg7 Bxg7 10. Bh6 Bxh6 11. Rxh6 Ng6 12. Nbd2 O-O 13. Qe2 Rb8 14. O-O-O f6 15.
Rdh1 Rb7 16. Qe3 Rg7 17. g3 Qe7 18. Nh4 Nxh4 19. R1xh4 d5 20. f4 exf4 21. gxf4
c4 22. dxc4 Bf5 23. cxd5 cxd5 24. Rh1 Bxe4 25. Nxe4 Qxe4 26. Qxe4 dxe4 27. f5
Rc8 28. c3 Rf7 29. R6h4 Rc5 30. Rxe4 Rxf5 31. Rh2 Rf1+ 32. Kc2 f5 33. Ree2 Kg7
34. b4 f4 35. Kd3 Rf3+ 36. Kd4 Rd7+ 37. Ke5 Rxc3 38. Reg2+ Kf8 39. Kxf4 Rc4+ 40.
Ke5 Rxb4 41. Rf2+ Kg8 42. Rc2 Rb8 43. Rhg2+ Kf8 44. Rcf2+ Rf7 45. a4 Rb6 46. Rc2
Re7+ 47. Kd5 Rd7+ 48. Ke5 Re7+ 49. Kd5 Rf6 50. Rc8+ Kf7 51. Rh8 Rf5+ 52. Kd6
Re6+ 53. Kc7 Rh5 54. Rd8 Re7+ 55. Kd6 Rh6+ 56. Kd5 Rg6 57. Rf2+ Kg7 58. Rff8 Ra6
59. Rf4 h5 60. Rh4 Kf6 61. Rf8+ Kg5 62. Rh1 Rd7+ 63. Ke5 Re7+ 64. Kd5 Rh7 65.
Rg1+ Kh6 66. Ke5 Rg6 67. Rf6 Rg7 68. Rc1 Rxf6 69. Kxf6 Rg6+ 70. Kf5 Rg5+ 71. Kf6
h4 72. Rc8 Kh5 73. Rc3 Ra5 74. Rb3 Rg5 75. Rc3 Rg3 76. Rc7 a6 77. Kf5 Rf3+ 78.
Ke4 Ra3 79. Kf5 Rf3+ 80. Ke4 Rf6 81. Rh7+ Kg4 82. Rg7+ Kh3 83. a5 Kh2 84. Rg5 h3
85. Ke3 Kh1 86. Ke2 Rf4 87. Rg6 h2 88. Rg5 Re4+ 89. Kf2 Ra4 90. Rf5 Rg4 91. Kf1
Rg2 92. Rh5 Rc2 93. Rf5 Rc4 94. Kf2 Rg4 95. Kf1 Rg6 1/2-1/2

[Event "21st European Teams"]
[Site "Hersonissos GRE"]
[Date "2017.11.03"]
[Round "6.8"]
[Board "2"]
[White "Beliavsky, Alexander G"]
[Black "Salgado Lopez, Ivan"]
[Result "0-1"]
[WhiteTitle "GM"]
[BlackTitle "GM"]
[WhiteElo "2547"]
[BlackElo "2629"]
[WhiteTeam "Slovenia"]
[BlackTeam "Spain"]
[WhiteFideId "14602377"]
[BlackFideId "2257327"]
[EventDate "2017.10.28"]

1. Nf3 d5 2. d4 Nf6 3. c4 e6 4. g3 Bb4+ 5. Bd2 Be7 6. Bg2 c6 7. Qc2 Nbd7 8. O-O
b6 9. Bf4 Bb7 10. b3 Rc8 11. Nc3 c5 12. dxc5 Bxc5 13. Ne5 O-O 14. Rad1 Nxe5 15.
Bxe5 Qe7 16. Na4 Ba3 17. Qd3 Ba6 18. Bxf6 Qxf6 19. Qe3 b5 20. cxb5 Bxb5 21. Bf3
Rc7 22. b4 Bxa4 0-1